000 01205nam a2200229 a 4500
001 BRCA_9036
005 20190320210513.0
008 160817s1778----sp-#######---#000-0#spa-#
041 _aspa
044 _asp
084 _aBE108
_b.C37 1778
100 1 _aCastellot, Joaquin
_etr.
_922406
245 1 0 _aAño christiano, o exercicios devotos para todos los domingos, días de quaresma, y fiestas movibles del año
_bcontiene la historia, o explicación de quanto hay más particular è instructivo en tales días: algunas Reflexiones sobre la Epístola,; una Metidacion después del Evangelio de la Misa, con algunos Exercicios practicos, ó Propósitos adaptables á todo género de personas
_ctraducido fielmente del francés al castellano por el doctor D. Joaquin Castellot...
260 _aMadrid
_bEn la Imprenta de D. Antonio de Sancha, en la Aduana Vieja
_c1778
300 _a484 p. (t.4)
_c21 x 16 cm
500 _aCon las licencias necesarias
500 _aEstado físico: presenta encuadernación en pergamino con cintas rotas
505 0 _aContenido: t.4. Desde el domingo de resurrección hasta la Octava del Corpus
650 1 4 _aIglesia católica
_915525
902 _aCFM
942 _2lcc
_cB
999 _c8686
_d8686